Regionalism and the Multilateral Trading System /

-д хадгалсан:
Номзүйн дэлгэрэнгүй
Байгууллагын зохиогч: OCDE
Формат: Ном
Хэл сонгох:англи
Хэвлэсэн: París, Francia : OCDE, 2003, c2003
Цуврал:(Industry Services Trade)
Нөхцлүүд:
Шошгууд: Шошго нэмэх
Шошго байхгүй, Энэхүү баримтыг шошголох эхний хүн болох!

MARC

LEADER 00000nam^a2200000^a^4500
001 000161451
005 20250521000000.0
009 20260310100758.81
020 |a 92-64-10136-5 
037 |a Acervo ITESO - Biblioteca 
041 |a ING 
082 |a 382. 91  |b OCDE 
110 |a OCDE 
245 1 0 |a Regionalism and the Multilateral Trading System /  |c OCDE. 
264 4 |a París, Francia :  |b OCDE,  |c 2003, c2003 
300 |a 169 p. 
336 |a texto  |b txt  |2 rdacontenido 
337 |a sin mediación  |b n  |2 rdamedio 
338 |a volumen  |b nc  |2 rdasoporte 
440 1 |a (Industry Services Trade) 
649 |a XX 
650 |a Tratados Internacionales 
650 |a Bloques Económicos 
650 |a Tratados Internacionales 
650 |a Regionalismo 
650 |a Tratados Comerciales Internacionales 
650 |a Comercio Internacional 
650 |a Economía Internacional 
910 |a Fondo General 
920 |a Impresos - Libros 
930 |a Colección General 
905 |a 101 
901 |a 0500093226  |b IT1  |c ACC  |u 20250521 
902 |a https://opac.biblio.iteso.mx/vufind/Record/000161451